Methods of analysis of food components and additives
Tallennettuna:
| Päätekijä: | |
|---|---|
| Aineistotyyppi: | Kirja |
| Kieli: | Undetermined |
| Julkaistu: |
Boca Raton
Taylor & Francis
2005
|
| Aiheet: | |
| Tagit: |
Lisää tagi
Ei tageja, Lisää ensimmäinen tagi!
|
| Thư viện lưu trữ: | Trung tâm Học liệu Trường Đại học Cần Thơ |
|---|
| LEADER | 00608nam a2200205Ia 4500 | ||
|---|---|---|---|
| 001 | CTU_88870 | ||
| 008 | 210402s9999 xx 000 0 und d | ||
| 020 | |c 3007000 | ||
| 082 | |a 664.06 | ||
| 082 | |b O.88 | ||
| 100 | |a Otles, Semih | ||
| 245 | 0 | |a Methods of analysis of food components and additives | |
| 245 | 0 | |c Semih Otles | |
| 260 | |a Boca Raton | ||
| 260 | |b Taylor & Francis | ||
| 260 | |c 2005 | ||
| 650 | |a Food additives,Food additives,Food | ||
| 650 | |x Analysis,Methodology,Analysis,Standards,Analysis,Methodology | ||
| 904 | |i Truc | ||
| 980 | |a Trung tâm Học liệu Trường Đại học Cần Thơ | ||